| 000 | 00566nam a22001577a 4500 | ||
|---|---|---|---|
| 003 | NUST | ||
| 082 | _a670 | ||
| 100 |
_a ULLAH ,NAIMAT _9122398 |
||
| 245 |
_aEstimation of weld induced residual stresses in thin cylinders using indirect coupling method / _cNAIMAT ULLAH |
||
| 264 |
_aIslamabad: _bSMME- NUST. _c2019. |
||
| 300 |
_a74p. ; _bSoft Copy, _c30cm. |
||
| 650 |
_aMS Design and Manufacturing Engineering _9119567 |
||
| 700 |
_aSupervisor : Dr Emad Uddin _9119529 |
||
| 856 | _uhttp://10.250.8.41:8080/xmlui/handle/123456789/26197 | ||
| 942 |
_2ddc _cTHE |
||
| 999 |
_c608891 _d608891 |
||